书目信息 |
| 题名: |
信号与系统全程辅导
|
|
| 作者: | 苏志平 , 赵洪岩 主编 ;九章系列课题组 编写 | |
| 分册: | 上 | |
| 出版信息: | 大连 辽宁师范大学出版社 2004 |
|
| 页数: | 285页 | |
| 开本: | 23cm | |
| 丛书名: | 九章丛书 | |
| 单 册: | ||
| 中图分类: | TN911.6 | |
| 科图分类: | ||
| 主题词: | 信号理论--高等学校--教学参考资料 , 信号系统--高等学校--教学参考资料 , 信号理论 , 信号系统 | |
| 电子资源: | ||
| ISBN: | 7-81103-076-4 | |
| 000 | 01043oam2 2200325 450 | |
| 001 | 200805000128 | |
| 005 | 20041111161709.0 | |
| 010 | @a7-81103-076-4@dCNY20.00 | |
| 100 | @a20041010d2004 em y0chiy0110 ea | |
| 101 | 0 | @achi |
| 102 | @aCN@b210000 | |
| 105 | @ay z 000yy | |
| 106 | @ar | |
| 200 | 1 | @a信号与系统全程辅导@Axin hao yu xi tong quan cheng fu dao@h上@f苏志平,赵洪岩主编@g九章系列课题组编写 |
| 205 | @a2版 | |
| 210 | @a大连@c辽宁师范大学出版社@d2004 | |
| 215 | @a285页@d23cm | |
| 225 | 2 | @a九章丛书 |
| 330 | @a本书对教材中各章的重点、难点做了较深刻的分析,对各章的课后习题做了全面解析解答。 | |
| 461 | 0 | @12001 @a九章丛书 |
| 606 | 0 | @a信号理论@x高等学校@j教学参考资料 |
| 606 | 0 | @a信号系统@x高等学校@j教学参考资料 |
| 606 | 0 | @a信号理论 |
| 606 | 0 | @a信号系统 |
| 690 | @aTN911.6@v4 | |
| 701 | 0 | @a苏志平@Asu zhi ping@c(高等教育)@4主编 |
| 701 | 0 | @a赵洪岩@Azhao hong yan@4主编 |
| 712 | 02 | @a九章系列课题组@Ajiu zhang xi lie ke ti zu@4编写 |
| 801 | 0 | @aCN@c20041112 |
| 905 | @b20653587-89@dTN911.6@eS859 | |
| 信号与系统全程辅导.上/苏志平,赵洪岩主编/九章系列课题组编写.-2版.-大连:辽宁师范大学出版社,2004 |
| 285页;23cm.-(九章丛书) |
| ISBN 7-81103-076-4:CNY20.00 |
| 本书对教材中各章的重点、难点做了较深刻的分析,对各章的课后习题做了全面解析解答。 |
| ● |
| 相关链接 |
|
|
|
正题名:信号与系统全程辅导
索取号:TN911.6/S859
 
预约/预借
| 序号 | 登录号 | 条形码 | 馆藏地/架位号 | 状态 | 备注 |
| 1 | 653587 | 206535873 | 自科库301/301自科库 34排4列2层/ [索取号:TN911.6/S859] | 在馆 | |
| 2 | 653588 | 206535882 | 自科库301/301自科库 34排4列2层/ [索取号:TN911.6/S859] | 在馆 | |
| 3 | 653589 | 206535891 | 自科库301/404自科库 14排2列6层/ [索取号:TN911.6/S859] | 在馆 |